[Event "Asian-ch Amateur 4th"]
[Site "Amman"]
[Date "2014.01.27"]
[Round "4.14"]
[White "Alsane, Abdallah"]
[Black "Thaer, Abu Alhaija"]
[Result "1-0"]
[WhiteElo "1910"]
[BlackElo "1429"]
[PlyCount "58"]
[EventDate "2014.01.25"]
[EventType "swiss"]
[EventRounds "9"]
[EventCountry "JOR"]
[SourceTitle "EXT 2024"]
[Source "ChessBase"]
[SourceDate "2023.10.10"]
[SourceVersion "1"]
[SourceVersionDate "2023.10.10"]
[SourceQuality "1"]

1. c4 c5 2. Nc3 Nc6 3. g3 g6 4. Bg2 Bg7 5. Nf3 Nh6 6. 0-0 Rb8 7. e3 a6 8. d4 cxd4 9. exd4 d6 10. Bf4 Nf5 11. d5 Na7 12. Qd2 Bxc3 13. Qxc3 0-0 14. Rfe1 Bd7 15. Nd4 Ng7 16. Bh6 f6 17. Re2 Re8 18. Bxg7 Kxg7 19. a4 Kg8 20. Rae1 Bxa4 21. Ne6 Qc8 22. Qe3 Bd7 23. Qxa7 Bxe6 24. Rxe6 Kf7 25. Qe3 Qd7 26. h4 Rbc8 27. b3 Rc7 28. h5 Kg7 29. Bh3 Qd8 1-0